00771 a2200181 45000010006000000050017000060080041000230030015000640400040000790800036001192450050001550200018002052640051002233000019002745050267002930410008005601000021005685535220260407155827.0260407a1976 arg spa dAR-UNSa-BCEJYS aAR-UNSa-BCEJYSbspacAR-UNSa-BCEJYS a330.35xCrecimiento económico10aLa teoría del crecimientopuna exposición a84-375-0064-8 1aMéxico :bFondo de Cultura Económicac1976 a116 p.c21 cm. a1. Características de los estados estables - 2. Razón Capital/Producto variable - 3. Un modelo sin sustitución directa - 4. Un modelo con dos activos - 5. La política económica en un modelo de crecimiento - 6. Algunos aspectos de política económica aspa1 aSolow, Robert M.